000 00471nam a2200181Ia 4500
001 11924
005 20260306162904.0
008 260306t2015||||xx |||||||||||||| ||spa||
041 _aESP
082 _aHR 327
_bOCT-DIC 2015 PI
100 _aAcademia Diplomática del Perú Javier Pérez de Cuéllar
_eAUT
245 0 _aPolítica internacional
260 _c2015
300 _a219 páginas :
_c24 cm.
650 _aGEN
654 _aCDE
942 _cREV
_dJUS
_fJUS
_2ddc
_n
999 _c11924
_d11924